000
00194nam a22000977a 4500
041
_a
eng
080
_a
80
100
_a
Judy, Stephen N.
245
_a
The English Teachers Hadbook.
999
_c
282010
_d
282010
942
_c
BK